Statystyki dla Historia quiz #1 - Władcy Polski na banknotach

Kliknij tutaj aby rozwiązać quiz!

Ogólne statystyki

  • Ten quiz został rozwiązany 166 razy
  • Średni wynik to 5 z 6

Statystyki odpowiedzi

BanknotKról Polski% Poprawnych
10 złMieszko I
98%
20 złBolesław I Chrobry
96%
50 złKazimierz III Wielki,
91%
100 złWładysław II Jagiełło
82%
500 złJan III Sobieski
73%
200 złZygmunt I Stary
57%

Rozkład punktacji

Percentyl według liczby udzielonych odpowiedzi

Procent ludzi z każdym wynikiem

Twoja historia wyników

Nie rozwiązałeś tego quizu